00675nam a2200241 a 4500001001300000003000900013005001700022008004100039020000900080082001300089100002200102245002200124260005500146300000800201500003500209505001000244650001300254700002200267902000800289942000700297952011200304999001700416nice12345678IN_TiNIC20260116013436.0050524s1979 mada grp 000 0 eng  ac1000a266bHOE aHoefer, Herbert E aDebate on Mission aMadrasbGurukul Lutheran Theological Collegec1979 a470 aincludes index and biblioraphy2 aindex aMissions1 aHoefer, Herbert E bSRS cBK 001040708StackRoom-aHMIbHMId2008-05-21g10.00l0o266 HOEp016500r2008-05-21v10.00w2005-05-24yBK c11001d11001